00722nam a2200157 a 450000100100000000500170001000800410002704000250006810000550009324501320014826000490028030000420032904900090037195201670038099900170054700003232520200930065601.0110714s1906 dr 000 0 spa d aDO-SdBNPbspacBNPHU1 aRepública DominicanabHacienda y comercio95833610aMemoria que al ciudadano presidente de la república presenta el secretario de estado en los despachos de Hacienda y comercio. aSanto Domingo :bImp. Flor del Ozama,c1906. a1v. con varias paginaciones ;c27 cm. aBNPD 001050718RVaPDbPDcCTd2011-07-14iLF1l0o p32325-10r2020-06-25w2020-06-25y1zPerteneció a la biblioteca personal de Julio Ortega Frier.ZNo se presta c31816d31816